00277nam a2200097Ia 4500008004000000082001300040100002300053245005300076260004200129300000800171210210b1976 xxu||||| |||| 00| 0 eng d a954 SINW aSINGH (Khushwant). aWar and peace in India, Pakistan and Bangladesh. aNew Delhi.bHind Pocket Books.,c1976 a152